Histoire du droit civil français (Record no. 141958)

MARC details
000 -LEADER
campo de control de longitud fija 00821nam a2200217 i 4500
001 - NÚMERO DE CONTROL
campo de control 141958
003 - IDENTIFICADOR DE NÚMERO DE CONTROL
campo de control ES-MaACL
005 - FECHA Y HORA DE LA ÚLTIMA TRANSACCIÓN
campo de control 20250729085448.0
007 - CAMPO FIJO DE DESCRIPCIÓN FÍSICA--INFORMACIÓN GENERAL
campo de control de longitud fija t|
008 - DATOS DE LONGITUD FIJA--INFORMACIÓN GENERAL
campo de control de longitud fija 071001s1905 fr ||||1| fre d
080 ## - NÚMERO DE LA CLASIFICACIÓN DECIMAL UNIVERSAL
Número de la Clasificación Decimal Universal 347(44)(091)
100 1# - ENTRADA PRINCIPAL--NOMBRE DE PERSONA
Nombre de persona Viollet, Paul.
9 (RLIN) 115417
245 10 - MENCIÓN DEL TÍTULO
Título Histoire du droit civil français
Resto del título : accompagnée de notions de droit canonique et d'indications bibliographiques /
Mención de responsabilidad, etc. par Paul Viollet.
250 ## - MENCION DE EDICION
Mención de edición 3e éd, corrigée et augmentée.
260 ## - PUBLICACIÓN, DISTRIBUCIÓN, ETC.
Lugar de publicación, distribución, etc. Paris :
Nombre del editor, distribuidor, etc. Librairie de la Societé du Recuil Général des Lois et des Arrêts,
Fecha de publicación, distribución, etc. 1905 (
Lugar de fabricación/manufactura Bar le Duc :
Fabricante Imp. Coutant Laguerre)
300 ## - DESCRIPCIÓN FÍSICA
Extensión VIII, 1012 p. ;
Dimensiones 22 cm.
650 ## - PUNTO DE ACCESO ADICIONAL DE MATERIA--TÉRMINO DE MATERIA
Término de materia o nombre geográfico como elemento de entrada Derecho civil-
Subdivisión geográfica Francia-
Subdivisión de forma Historia.
9 (RLIN) 11666
650 07 - PUNTO DE ACCESO ADICIONAL DE MATERIA--TÉRMINO DE MATERIA
Término de materia o nombre geográfico como elemento de entrada Derecho canónico
Fuente del encabezamiento o término embne
9 (RLIN) 11655
852 ## - LOCALIZACIÓN
Ubicación ES-MaACL
Número de control de estantería E-13103
Holdings
Estatus retirado Estado de pérdida Estado de daño No para préstamo Biblioteca de origen Biblioteca actual Ubicación en estantería Fecha de adquisición Fuente de adquisición Total de préstamos Signatura topográfica completa Código de barras Visto por última vez Precio de reemplazo Tipo de ítem Koha
        Biblioteca del Ateneo de Madrid Biblioteca del Ateneo de Madrid Depósito 2 17/01/2008     E-13103 1147709 23/02/2023 23/02/2023 Libro impreso